Same Name Slideshow Quiz Stats

Quiz Updated Sep 28, 2014

Challenge
Share
Tweet
Score 0/24 Timer 06:00
9 Plays Today
% Correct
Jack Sparrow (Pirates of the...) & Jack Skellington (Nightmare Before...)
97.5%
Harry Callahan (Dirty Harry) & Harry Potter
96.2%
Edward Cullen (Twilight) & Edward Scissorhands
95.6%
Buzz McCallister (Home Alone) & Buzz Lightyear (Toy Story)
95.1%
Mary Poppins & Mary (There's Something About Mary)
93.2%
Ron Burgundy (Anchorman) & Ron Weasley (Harry Potter)
89.4%
Luke Skywalker (Star Wars) & Cool Hand Luke
88.6%
Jason Bourne (The Bourne Identity) & Jason Vorhees (Friday the 13th)
86.9%
Clark Kent (Superman) & Clark Griswold (National Lampoon's Vacation)
86.6%
Ace Merrill (Stand by Me) & Ace Ventura: Pet Detective
85%
Magic Mike & Mike Wazowski (Monsters Inc.)
81.5%
Tony Montana (Scarface) & Tony Stark (Iron Man)
81%
% Correct
Carrie Bradshaw (Sex and the City) & Carrie White (Carrie)
78.3%
Peter Venkman (Ghostbusters) & Peter Parker (Spider-Man)
77.5%
John Rambo & John McClane (Die Hard)
69.7%
Hal 9000 (2001: A Space Odyssey) & Hal (Shallow Hal)
69%
Hans of the Southern Isles (Frozen) & Hans Gruber (Die Hard)
64%
Donnie Brasco & Donnie Darko
55%
Frank Abagnale, Jr. (Catch Me If You Can) & Frank Drebin (The Naked Gun)
47.8%
Tyler Ann Endicott (Point Break) & Tyler Durden (Fight Club)
43.2%
Jeff Spicoli (Fast Times at...) & Jeff ‘The Dude’ Lebowski (The Big Lebowski)
41.5%
Jules Winnfield (Pulp Fiction) & Jules (Superbad)
38.8%
Rick O'Connell (The Mummy) & Rick Blaine (Casablanca)
36.1%
Alex DeLarge (A Clockwork Orange) & Alex Forrest (Fatal Attraction)
33.4%

You're not logged in!

Compare scores with friends on all Sporcle quizzes.
Join for Free
OR
Log In

You Might Also Like...

Show Comments

Extras

Top Quizzes Today


Score Distribution

Your Account Isn't Verified!

In order to create a playlist on Sporcle, you need to verify the email address you used during registration. Go to your Sporcle Settings to finish the process.

Report this User

Report this user for behavior that violates our Community Guidelines.

Details: